000 00720nam a2200217 i 4500
001 24382
003 ES-MaACL
005 20250822063114.0
007 t|
008 021217s1931 sp ||||1| spa d
100 1 _aAnasagasti, Teodoro de,
_d1880-1938
_921375
245 1 0 _aHundimientos
_b: grandes estafas de la construcción /
_cTeodoro de Anasagasti.
260 _aMadrid :
_bM. Aguilar,
_c1931.
300 _a249 p. ;
_c24 cm.
530 _aDisponible en formato digital.
650 4 _aConstrucción-
_xFallos.
_9144228
852 4 _aES-MaACL
_jA-1893
_cSPP1
856 4 _uhttp://bdh-rd.bne.es/viewer.vm?id=0000247405&page=1
_yBiblioteca Digital Hispánica
942 _2udc
999 _c24382
_d24382